00567 2200193 4500001002100000005001500021035002000036245004500056100001600101250002000117300003000137856001800167260006500185082001600250084002200266020002200288650003700310650002600347INLIS00000000000007420250710121205 a0010-07250000741 aBurung cekakak dan lautan /cPeter omoko0 aPeter omoko aCetakan pertama a20 hlm. :bIlus. ;c21 cm aTBM As suhada aRawamangun :bBadan pengembangan dan pembinaan bahasa,c2022 a398.209 598 a398.209 598 PET b a978-623-307-382-0 4aCerita anak indonesia-terjemahan 4aLiterasi-bahan bacaan